000 00480nam a2200181 a 4500
001 19577
005 20180713213031.0
008 140415s1965 000 0 spa d
041 _aspa
082 _a972.018
_bVON
100 1 _aVON HAGEN, VICTOR WOLFGANG
245 1 4 _aLOS AZTECAS, HOMBRE Y TRIBU
250 _a2a ed.
260 _a[s.l.] :
_bDIANA,
_c1965
300 _a231
650 1 4 _aAZTECAS
_xMEXICO
_xHISTORIA
700 1 _aCARDENAS BARRIOS, RENE
_etr.
999 _c19577
_d19577